ბათუმის შოთა რუსთაველის სახელმწიფო უნივერსიტეტის ბიბლიოთეკა

საქართველოს ეკლესიის მოკლე იტორია. (ბიბ.ჩანაწერი № 34913)

000 -LEADER
fixed length control field 00645nam a2200205Ia 4500
001 - CONTROL NUMBER
control field 740
003 - CONTROL NUMBER IDENTIFIER
control field GE_BSU
008 - FIXED-LENGTH DATA ELEMENTS--GENERAL INFORMATION
fixed length control field 181216s||||||||xx |||||||||||||| ||und||
020 ## - INTERNATIONAL STANDARD BOOK NUMBER
International Standard Book Number 9994014390
040 ## - CATALOGING SOURCE
Transcribing agency GE_BSU
080 ## - UNIVERSAL DECIMAL CLASSIFICATION NUMBER
Universal Decimal Classification number 271.222(479.22)(09)
100 ## - MAIN ENTRY--PERSONAL NAME
Personal name ჯაფარიძე, ანანია
245 ## - TITLE STATEMENT
Title საქართველოს ეკლესიის მოკლე იტორია.
260 ## - PUBLICATION, DISTRIBUTION, ETC.
Place of publication, distribution, etc. თბილისი
260 ## - PUBLICATION, DISTRIBUTION, ETC.
Date of publication, distribution, etc. 2004
300 ## - PHYSICAL DESCRIPTION
Extent 91 გვ.
653 ## - INDEX TERM--UNCONTROLLED
Uncontrolled term საქართველოს ეკლესიის მოკლე ისტორია
942 ## - ADDED ENTRY ELEMENTS (KOHA)
Koha item type წიგნი
ეგზემპლარები
Withdrawn status Lost status Damaged status Not for loan Date acquired Barcode Date last seen Price effective from Koha item type
        2018-12-17 1218 2018-12-17 2018-12-17 წიგნი